[Event "MISTRZOSTWA MIEDZYWOJEWODZKIE JUNIOROW O"]
[Site "Pokrzywna, OW SUDETY"]
[Date "2021.??.??"]
[Round "4.7"]
[White "Galla, Wiktor"]
[Black "Osinski, Maksymilian"]
[Result "0-1"]
[WhiteElo "1248"]
[BlackElo "1234"]
[PlyCount "86"]
[EventDate "2021.??.??"]

1. e4 c5 2. Nf3 d6 3. d4 cxd4 4. Nxd4 Nf6 5. Nc3 g6 6. Be3 Bg7 7. f3 Nc6 8. Qd2
O-O 9. Bb5 Bd7 10. Bxc6 bxc6 11. g4 e5 12. Nb3 Qc7 13. Rd1 Ne8 14. Bh6 Be6 15.
Bxg7 Kxg7 16. h4 Rd8 17. h5 Nf6 18. hxg6 fxg6 19. Qh6+ Kg8 20. Qg5 Qf7 21. Rd2
Bxb3 22. axb3 Rfe8 23. Rhh2 d5 24. exd5 cxd5 25. Rhe2 Kg7 26. Rd3 h6 27. Qd2 d4
28. Rh2 g5 29. Ne4 Nd5 30. Qa5 Rd7 31. Nc5 Rde7 32. Ne4 Ne3 33. Nd6 Qxf3 34.
Nxe8+ Rxe8 35. Qxa7+ Kg8 36. Rxe3 dxe3 37. Qa6 Qg3+ 38. Ke2 Qxh2+ 39. Kd3 Qd2+
40. Ke4 Qd4+ 41. Kf5 Qf4+ 42. Kg6 Qf7+ 43. Kxh6 Qg7+ 0-1

[Event "MISTRZOSTWA MIEDZYWOJEWODZKIE JUNIOROW O"]
[Site "Pokrzywna, OW SUDETY"]
[Date "2021.??.??"]
[Round "5.3"]
[White "Kieca, Szymon"]
[Black "Janeczek, Maksymilian"]
[Result "0-1"]
[WhiteElo "1154"]
[BlackElo "1245"]
[PlyCount "126"]
[EventDate "2021.??.??"]

1. e4 c5 2. Nf3 Nc6 3. d4 cxd4 4. Nxd4 g6 5. Nc3 Bg7 6. Be3 Nf6 7. Bc4 Qa5 8.
Qd2 O-O 9. O-O d6 10. Nb3 Qc7 11. Bh6 Ne5 12. Be2 Rd8 13. Bxg7 Kxg7 14. f4 Qb6+
15. Kh1 Neg4 16. Qd4 Qxd4 17. Nxd4 Ne3 18. Rf3 Neg4 19. Rg3 Nf2+ 20. Kg1 N2xe4
21. Nxe4 Nxe4 22. Re3 d5 23. Bf3 Rd6 24. Nb5 Rc6 25. Bxe4 dxe4 26. Rxe4 Rxc2
27. Rxe7 Rxb2 28. Nd6 Be6 29. Rxb7 Rxb7 30. Nxb7 Rb8 31. Nc5 Bd5 32. a3 Rb2 33.
Rd1 Bc6 34. Rd6 Bxg2 35. Ra6 Bf3 36. Rxa7 Rg2+ 37. Kf1 Rxh2 38. Ne6+ Kf6 39.
Ng5 Bd5 40. Ra5 Bc4+ 41. Kg1 Rh4 42. Ra4 Rxf4 43. Nxh7+ Kg7 44. Ng5 Rg4+ 45.
Kf2 Be2 46. Rxg4 Bxg4 47. a4 Kf6 48. Ne4+ Ke5 49. Ng5 f6 50. Nf3+ Bxf3 51. Kxf3
Kd5 52. a5 Kc6 53. Ke4 Kb5 54. Kd5 Kxa5 55. Ke6 g5 56. Kf5 Kb4 57. Kg4 Kc5 58.
Kf5 Kd5 59. Kg4 Ke4 60. Kg3 f5 61. Kf2 f4 62. Ke2 g4 63. Kf2 f3 0-1

[Event "MISTRZOSTWA MIEDZYWOJEWODZKIE JUNIOROW O"]
[Site "Pokrzywna, OW SUDETY"]
[Date "2021.??.??"]
[Round "6.1"]
[White "Rozek, Michal"]
[Black "Wierzbicki, Dawid"]
[Result "1/2-1/2"]
[WhiteElo "1462"]
[BlackElo "1603"]
[PlyCount "63"]
[EventDate "2021.??.??"]

1. e4 c5 2. Nf3 g6 3. d4 cxd4 4. Qxd4 Nf6 5. Nc3 Nc6 6. Qa4 d6 7. e5 dxe5 8.
Nxe5 Bg7 9. Bb5 O-O 10. Nxc6 bxc6 11. Bxc6 Rb8 12. O-O Bf5 13. Rb1 a5 14. a3
Qc7 15. Bf3 Rfc8 16. Be3 Qd7 17. Qxd7 Nxd7 18. Nd5 Kf8 19. b4 Bxc2 20. Rbe1 e6
21. Bf4 exd5 22. Bd6+ Kg8 23. Bxb8 Rxb8 24. bxa5 Bd3 25. Be2 Bxe2 26. Rxe2 Ra8
27. Rc1 Rxa5 28. Rc7 Nc5 29. Ree7 Rxa3 30. g3 Ne6 31. Rcd7 Rf3 32. Rxd5 1/2-1/2

[Event "MISTRZOSTWA MIEDZYWOJEWODZKIE JUNIOROW O"]
[Site "Pokrzywna, OW SUDETY"]
[Date "2021.??.??"]
[Round "6.2"]
[White "Wandor, Adam"]
[Black "Dylong, Antoni"]
[Result "0-1"]
[WhiteElo "1355"]
[BlackElo "1525"]
[PlyCount "78"]
[EventDate "2021.??.??"]

1. e4 c5 2. Nf3 d6 3. d4 cxd4 4. Nxd4 Nf6 5. Nc3 a6 6. Be2 e5 7. Nb3 Be7 8. O-O
Be6 9. Bf3 O-O 10. Be3 Nbd7 11. Qe2 Qc7 12. Rac1 Bc4 13. Qd2 Bxf1 14. Rxf1 Rac8
15. Rd1 b5 16. Na1 Rfd8 17. g4 b4 18. Ne2 a5 19. Ng3 g6 20. Bh6 Ne8 21. g5 Nc5
22. h4 Rb8 23. h5 Ne6 24. hxg6 hxg6 25. Ne2 Bf8 26. Bg4 Qe7 27. Bxe6 Qxe6 28.
Bxf8 Qg4+ 29. Ng3 Kxf8 30. Kg2 Ng7 31. f3 Qf4 32. Qxf4 exf4 33. Ne2 Ne6 34. Rd5
a4 35. b3 axb3 36. Nxb3 Ra8 37. Nec1 Rdc8 38. Na1 Ke7 39. Rb5 Nd4 0-1

[Event "MISTRZOSTWA MIEDZYWOJEWODZKIE JUNIOROW O"]
[Site "Pokrzywna, OW SUDETY"]
[Date "2021.??.??"]
[Round "6.3"]
[White "Duda, Leon"]
[Black "Karwot, Marek"]
[Result "1/2-1/2"]
[WhiteElo "1407"]
[BlackElo "1382"]
[PlyCount "89"]
[EventDate "2021.??.??"]

1. e4 e6 2. d4 d5 3. exd5 exd5 4. Nf3 Nf6 5. c4 Bb4+ 6. Bd2 Bxd2+ 7. Nbxd2 O-O
8. Be2 Nc6 9. O-O Re8 10. cxd5 Nxd5 11. Bb5 Bd7 12. Qb3 Nb6 13. Nc4 Be6 14. Qc3
Nxc4 15. Bxc4 Bd5 16. Rfd1 Ne7 17. Rac1 c6 18. Ne5 f6 19. Ng4 Kh8 20. Ne3 Qd7
21. Bxd5 Nxd5 22. Qb3 Nxe3 23. fxe3 Rad8 24. Re1 f5 25. Rcd1 Re7 26. a3 Qd5 27.
Qxd5 Rxd5 28. Kf2 g6 29. Kf3 Kg7 30. g4 Re4 31. gxf5 gxf5 32. Rg1+ Kf6 33. Rg8
Re7 34. Rdg1 c5 35. dxc5 Rxc5 36. Rf8+ Ke6 37. Rg5 Re5 38. Kf4 Re4+ 39. Kf3 Kd7
40. Rgxf5 Rxe3+ 41. Kg4 Re2 42. Rf2 Rg7+ 43. Kh5 Rxf2 44. Rxf2 Re7 45. Kg5
1/2-1/2

[Event "MISTRZOSTWA MIEDZYWOJEWODZKIE JUNIOROW O"]
[Site "Pokrzywna, OW SUDETY"]
[Date "2021.??.??"]
[Round "6.4"]
[White "Kozik, Maksymilian"]
[Black "Hryniewicz, Maciej"]
[Result "0-1"]
[WhiteElo "1181"]
[BlackElo "1291"]
[PlyCount "88"]
[EventDate "2021.??.??"]

1. b3 d5 2. Bb2 Nc6 3. e3 a6 4. Ne2 e5 5. g3 Nf6 6. Bg2 Bf5 7. d3 Be7 8. Nd2
O-O 9. Nf3 Bb4+ 10. c3 Ba5 11. d4 exd4 12. exd4 Be4 13. b4 Bb6 14. Bc1 h6 15.
O-O Re8 16. Bf4 Na7 17. a4 c6 18. Re1 Bc7 19. Bxc7 Qxc7 20. Nc1 Nc8 21. Nb3 Nd6
22. Nfd2 Re7 23. Nxe4 Nfxe4 24. Qc1 Rae8 25. Nd2 Nxd2 26. Rxe7 Qxe7 27. Qxd2
Nc4 28. Qd1 Qe2 29. Qxe2 Rxe2 30. Bf1 Rc2 31. Bxc4 dxc4 32. Ra3 f6 33. Kg2 Kf7
34. Kf3 Ke6 35. Ke3 g5 36. h3 f5 37. g4 f4+ 38. Kf3 Kd5 39. a5 Rd2 40. h4 Rd3+
41. Kg2 gxh4 42. f3 Rd2+ 43. Kh3 Rf2 44. Kxh4 Rh2# 0-1

[Event "MISTRZOSTWA MIEDZYWOJEWODZKIE JUNIOROW O"]
[Site "Pokrzywna, OW SUDETY"]
[Date "2021.??.??"]
[Round "6.5"]
[White "Banaczyk, Piotr"]
[Black "Sokolowski, Antoni"]
[Result "1-0"]
[WhiteElo "1265"]
[BlackElo "1137"]
[PlyCount "89"]
[EventDate "2021.??.??"]

1. e4 c5 2. c3 e5 3. Nf3 d6 4. d4 cxd4 5. cxd4 Bg4 6. Bb5+ Nd7 7. dxe5 Bxf3 8.
Qxf3 dxe5 9. Qf5 f6 10. Qe6+ Qe7 11. Bxd7+ Kd8 12. Qxe7+ Bxe7 13. Ba4 Rc8 14.
O-O Rc4 15. Rd1+ Kc8 16. Nc3 Bb4 17. Bb3 Rd4 18. Be6+ Kd8 19. Be3 Rxd1+ 20.
Rxd1+ Ke8 21. Nd5 Ba5 22. b4 Bd8 23. Bxa7 Ne7 24. b5 Nxd5 25. Bxd5 b6 26. Bc6+
Kf7 27. Rd7+ Kg6 28. Rb7 h6 29. Bxb6 Bxb6 30. Rxb6 Rd8 31. Bd5 Rc8 32. Rc6 Rb8
33. b6 Kg5 34. Rc7 Rxb6 35. Rxg7+ Kf4 36. Rb7 Ra6 37. Rb3 Ra7 38. h4 Kg4 39. g3
Rxa2 40. Be6+ Kh5 41. Kg2 Kg6 42. Rb7 Ra3 43. h5+ Kg5 44. Rg7+ Kxh5 45. Bf7#
1-0

[Event "MISTRZOSTWA MIEDZYWOJEWODZKIE JUNIOROW O"]
[Site "Pokrzywna, OW SUDETY"]
[Date "2021.??.??"]
[Round "6.6"]
[White "Zimny, Karol"]
[Black "Osinski, Maksymilian"]
[Result "1/2-1/2"]
[WhiteElo "1144"]
[BlackElo "1234"]
[PlyCount "61"]
[EventDate "2021.??.??"]

1. d4 Nf6 2. Bf4 e6 3. e3 d5 4. Nf3 Bd6 5. Bg3 O-O 6. Nbd2 Re8 7. Bd3 Nc6 8.
Ne5 Bxe5 9. dxe5 Nd7 10. f4 Nb4 11. Be2 Nf8 12. c3 Nc6 13. O-O Ne7 14. Nf3 Nf5
15. Bf2 Nd7 16. g4 Ne7 17. h4 f6 18. Nd4 Nc6 19. exf6 Nxd4 20. f7+ Kxf7 21.
cxd4 g6 22. g5 b6 23. h5 Rh8 24. Kg2 Bb7 25. Qd3 a5 26. hxg6+ hxg6 27. Rh1 Rxh1
28. Rxh1 Qg8 29. Qc2 Rc8 30. Bd3 Nf8 31. Be1 1/2-1/2

[Event "MISTRZOSTWA MIEDZYWOJEWODZKIE JUNIOROW O"]
[Site "Pokrzywna, OW SUDETY"]
[Date "2021.??.??"]
[Round "6.9"]
[White "Nowara, Filip"]
[Black "Bytomski, Borys"]
[Result "0-1"]
[WhiteElo "1100"]
[BlackElo "1183"]
[PlyCount "48"]
[EventDate "2021.??.??"]

1. e4 e5 2. d4 exd4 3. c3 Nf6 4. e5 Ne4 5. Qxd4 d5 6. c4 Nc6 7. Qxd5 Qxd5 8.
cxd5 Nxe5 9. Bf4 Bd6 10. Bb5+ Bd7 11. Bxd7+ Kxd7 12. f3 Nd3+ 13. Kf1 Bxf4 14.
fxe4 Nxb2 15. Nc3 Nc4 16. Nge2 Be5 17. Kf2 Rhf8 18. Rab1 Nd6 19. Ke1 f5 20. Rf1
fxe4 21. Nb5 Rxf1+ 22. Kxf1 Nxb5 23. Rxb5 b6 24. g3 Kd6 0-1

[Event "MISTRZOSTWA MIEDZYWOJEWODZKIE JUNIOROW O"]
[Site "Pokrzywna, OW SUDETY"]
[Date "2021.??.??"]
[Round "7.1"]
[White "Karwot, Marek"]
[Black "Wierzbicki, Dawid"]
[Result "1/2-1/2"]
[WhiteElo "1382"]
[BlackElo "1603"]
[PlyCount "60"]
[EventDate "2021.??.??"]

1. e4 c5 2. Nf3 g6 3. d4 cxd4 4. Nxd4 Bg7 5. c4 Nc6 6. Be3 Nf6 7. Nc3 d6 8. Be2
O-O 9. O-O Qa5 10. Rc1 Nxd4 11. Bxd4 Be6 12. Qd2 Nxe4 13. Nxe4 Qxd2 14. Nxd2
Bxd4 15. Bf3 Rab8 16. b3 Rfe8 17. Be4 Bb2 18. Rc2 Ba3 19. Nb1 Bc5 20. Nc3 a6
21. a4 Bd4 22. Nd5 Bxd5 23. Bxd5 b5 24. axb5 axb5 25. Rfc1 b4 26. Bf3 Kg7 27.
Ra2 f5 28. Rd2 Be5 29. Kf1 Kf6 30. Ke2 h6 1/2-1/2

[Event "MISTRZOSTWA MIEDZYWOJEWODZKIE JUNIOROW O"]
[Site "Pokrzywna, OW SUDETY"]
[Date "2021.??.??"]
[Round "7.2"]
[White "Dylong, Antoni"]
[Black "Rozek, Michal"]
[Result "1/2-1/2"]
[WhiteElo "1525"]
[BlackElo "1462"]
[PlyCount "60"]
[EventDate "2021.??.??"]

1. e4 e5 2. Nf3 Nc6 3. d4 exd4 4. Bc4 Bc5 5. c3 dxc3 6. Bxf7+ Kxf7 7. Qd5+ Ke8
8. Qxc5 Qe7 9. Qxe7+ Ngxe7 10. Nxc3 a6 11. Bf4 d6 12. h3 Rf8 13. Bg3 Kf7 14.
Rc1 Bd7 15. O-O Kg8 16. Rfd1 Bxh3 17. Nd5 Rac8 18. Nxe7+ Nxe7 19. e5 d5 20. e6
c6 21. Bd6 Rce8 22. Nd4 Bg4 23. f3 Bh5 24. g4 Bg6 25. Kg2 Rf6 26. Be5 Rff8 27.
Bd6 Rf6 28. Be5 Rff8 29. Bd6 Rf6 30. Be5 Rff8 1/2-1/2

[Event "MISTRZOSTWA MIEDZYWOJEWODZKIE JUNIOROW O"]
[Site "Pokrzywna, OW SUDETY"]
[Date "2021.??.??"]
[Round "7.3"]
[White "Hryniewicz, Maciej"]
[Black "Wandor, Adam"]
[Result "1/2-1/2"]
[WhiteElo "1291"]
[BlackElo "1355"]
[PlyCount "61"]
[EventDate "2021.??.??"]

1. e4 e6 2. d4 d5 3. exd5 exd5 4. Nf3 Nc6 5. Bd3 Nb4 6. O-O Be7 7. a3 Nxd3 8.
Qxd3 Nf6 9. Nc3 O-O 10. Re1 c6 11. Bg5 h6 12. Bh4 Be6 13. Rad1 Re8 14. h3 Nd7
15. Bxe7 Rxe7 16. Ne5 Qc7 17. Qf3 Rae8 18. Re3 Nxe5 19. Rxe5 f6 20. Re3 Bf7 21.
Rde1 Bg6 22. Rxe7 Rxe7 23. Rxe7 Qxe7 24. Qd1 Kh7 25. Qd2 Qe6 26. Ne2 Qf5 27. c3
Qb1+ 28. Qc1 Qd3 29. Nf4 Qf5 30. Nxg6 Qxg6 31. Qd2 1/2-1/2

[Event "MISTRZOSTWA MIEDZYWOJEWODZKIE JUNIOROW O"]
[Site "Pokrzywna, OW SUDETY"]
[Date "2021.??.??"]
[Round "7.4"]
[White "Banaczyk, Piotr"]
[Black "Duda, Leon"]
[Result "1/2-1/2"]
[WhiteElo "1265"]
[BlackElo "1407"]
[PlyCount "100"]
[EventDate "2021.??.??"]

1. e4 c5 2. c3 d5 3. e5 Nc6 4. d4 Bf5 5. Bd3 Bxd3 6. Qxd3 e6 7. Nf3 Nge7 8. Be3
Ng6 9. O-O Be7 10. Nbd2 O-O 11. a3 a5 12. Qe2 Qb6 13. Rab1 Rac8 14. dxc5 Bxc5
15. Bxc5 Qxc5 16. Nb3 Qc4 17. Qxc4 dxc4 18. Nc5 Rc7 19. Rfe1 Re8 20. b4 cxb3
21. Nxb3 Rd8 22. Rbd1 Rxd1 23. Rxd1 Kf8 24. Re1 Nce7 25. Rd1 Ke8 26. Nbd4 Rc5
27. Nb3 Rxc3 28. Nxa5 b6 29. Nb7 Nc6 30. Nd6+ Kf8 31. Ng5 Ncxe5 32. Nxh7+ Ke7
33. Ng5 Nf4 34. Nb5 Rb3 35. a4 Rb4 36. Ra1 f6 37. Nf3 Nxf3+ 38. gxf3 Nd5 39.
Kg2 Kd7 40. Kg3 e5 41. Rd1 Ke6 42. Rd2 Rb3 43. Kg4 f5+ 44. Kg3 f4+ 45. Kg2 Rb4
46. Kh3 Rb3 47. Kg2 g5 48. h3 Rb4 49. Kh2 Rb3 50. Kg2 Rb4 1/2-1/2

[Event "MISTRZOSTWA MIEDZYWOJEWODZKIE JUNIOROW O"]
[Site "Pokrzywna, OW SUDETY"]
[Date "2021.??.??"]
[Round "7.5"]
[White "Niemczyk, Krzysztof"]
[Black "Zimny, Karol"]
[Result "1/2-1/2"]
[WhiteElo "1316"]
[BlackElo "1144"]
[PlyCount "120"]
[EventDate "2021.??.??"]

1. Nf3 d5 2. d4 Nf6 3. e3 c6 4. c4 Bf5 5. b3 e6 6. Bb2 Nbd7 7. Be2 Bb4+ 8. Bc3
Bxc3+ 9. Nxc3 O-O 10. O-O Re8 11. Nh4 Bg6 12. Nxg6 hxg6 13. Rc1 Nb6 14. cxd5
exd5 15. Qc2 Qe7 16. Rfd1 Ne4 17. Nxe4 Qxe4 18. Qxe4 Rxe4 19. g3 Rae8 20. h4
Nd7 21. b4 a6 22. a4 Rc8 23. b5 axb5 24. axb5 Re6 25. bxc6 bxc6 26. Rd2 Rd6 27.
Rdc2 c5 28. dxc5 Rdc6 29. Bf3 Nf6 30. Kf1 Kf8 31. Ke2 Ne4 32. Kd3 Nxc5+ 33. Ke2
Nb3 34. Rxc6 Nxc1+ 35. Rxc1 Rxc1 36. Bxd5 Ke7 37. Kf3 Rc5 38. Bb3 Rf5+ 39. Ke2
Rb5 40. Bc4 Rb2+ 41. Kf3 Rb4 42. Bd5 f5 43. Ba2 Kf6 44. Bg8 g5 45. hxg5+ Kxg5
46. Be6 Kf6 47. Bd7 Rb7 48. Bc6 Rc7 49. Bb5 Rc5 50. Bd7 Rc7 51. Bb5 Rc2 52. Bd7
g5 53. Ba4 Ra2 54. Bd7 g4+ 55. Kg2 Ke5 56. Bc6 Rc2 57. Bd7 Rc7 58. Bb5 Rc5 59.
Bd7 Rc7 60. Bb5 Rc5 1/2-1/2

[Event "MISTRZOSTWA MIEDZYWOJEWODZKIE JUNIOROW O"]
[Site "Pokrzywna, OW SUDETY"]
[Date "2021.??.??"]
[Round "7.6"]
[White "Bytomski, Borys"]
[Black "Galla, Wiktor"]
[Result "0-1"]
[WhiteElo "1183"]
[BlackElo "1248"]
[PlyCount "66"]
[EventDate "2021.??.??"]

1. e4 e6 2. d4 d5 3. e5 c5 4. dxc5 Bxc5 5. Bd3 Nc6 6. Nf3 Qb6 7. O-O Bd7 8. Qe2
Nge7 9. c3 Ng6 10. Re1 Na5 11. b4 Bxb4 12. cxb4 Qxb4 13. Bd2 Qb6 14. Nc3 O-O
15. Rab1 Qc7 16. Rec1 Nc4 17. Bxc4 dxc4 18. Nd1 Rac8 19. Rb4 b5 20. Bc3 Nf4 21.
Qe3 Nd3 22. Rcb1 Nxb4 23. Rxb4 a5 24. Rb1 b4 25. Bd4 Ba4 26. Bb6 Qd7 27. Nb2
Bc2 28. Rc1 b3 29. axb3 cxb3 30. Bxa5 Qb5 31. Bd2 Rfd8 32. Nd4 Qd5 33. Nxc2
Qxd2 0-1

[Event "MISTRZOSTWA MIEDZYWOJEWODZKIE JUNIOROW O"]
[Site "Pokrzywna, OW SUDETY"]
[Date "2021.??.??"]
[Round "7.7"]
[White "Kozik, Maksymilian"]
[Black "Nowara, Filip"]
[Result "1-0"]
[WhiteElo "1181"]
[BlackElo "1100"]
[PlyCount "67"]
[EventDate "2021.??.??"]

1. e4 d5 2. exd5 Nf6 3. d4 Nxd5 4. c4 Nb6 5. Nc3 e5 6. dxe5 Qxd1+ 7. Nxd1 Nc6
8. Nf3 Be6 9. b3 O-O-O 10. Ne3 Bb4+ 11. Bd2 Bxd2+ 12. Nxd2 Nxe5 13. O-O-O Rd7
14. Be2 f5 15. f4 Nd3+ 16. Bxd3 Rxd3 17. Nc2 Bf7 18. Nf3 Rhd8 19. Rxd3 Rxd3 20.
Ne5 Rc3 21. Kb2 Rxc2+ 22. Kxc2 Bh5 23. h3 Nd7 24. Nxd7 Kxd7 25. Re1 Bf7 26. g4
Be6 27. g5 g6 28. Kd3 a6 29. Kd4 b5 30. Rxe6 Kxe6 31. cxb5 axb5 32. Kc5 h5 33.
Kxb5 Kd6 34. a4 1-0

[Event "MISTRZOSTWA MIEDZYWOJEWODZKIE JUNIOROW O"]
[Site "Pokrzywna, OW SUDETY"]
[Date "2021.??.??"]
[Round "8.1"]
[White "Hryniewicz, Maciej"]
[Black "Dylong, Antoni"]
[Result "0-1"]
[WhiteElo "1291"]
[BlackElo "1525"]
[PlyCount "160"]
[EventDate "2021.??.??"]

1. e4 c5 2. Nf3 d6 3. d4 cxd4 4. Nxd4 Nf6 5. Nc3 a6 6. Be2 e6 7. O-O Be7 8. Be3
O-O 9. Qd2 Nbd7 10. a4 Qc7 11. Rfd1 b6 12. f3 Bb7 13. Bf2 Rfd8 14. Bg3 Ne5 15.
Rac1 Rac8 16. Kh1 Nc4 17. Bxc4 Qxc4 18. Qd3 d5 19. exd5 Qxd3 20. Rxd3 Nxd5 21.
Nxd5 Rxd5 22. Rcd1 Bf6 23. c3 Rcd8 24. R3d2 e5 25. Nb3 Rxd2 26. Rxd2 Rxd2 27.
Nxd2 Bc6 28. Nc4 Bxa4 29. Nxb6 Bc6 30. Kg1 e4 31. fxe4 Bxe4 32. Kf2 Bd8 33. Nc4
Bd5 34. Nd2 f5 35. Nf3 g5 36. h3 f4 37. Bh2 Bb6+ 38. Ke1 h6 39. Ke2 Kf7 40. Kd3
a5 41. c4 Bb7 42. b3 Ke6 43. Ne1 Bf2 44. Nf3 Kf5 45. Ke2 Bc5 46. g4+ Ke6 47.
Ne1 Be4 48. Nd3 Ba7 49. Nxf4+ gxf4 50. Bxf4 Bc2 51. Bd2 Bxb3 52. Bxa5 Bxc4+ 53.
Kf3 Kf6 54. Bd2 Kg6 55. Ke4 Bf2 56. Kf3 Bh4 57. Kg2 Bd5+ 58. Kh2 Bg5 59. Bc3
Bf4+ 60. Kg1 Kg5 61. Kf2 Kh4 62. Bg7 Kxh3 63. Bxh6 Bxh6 64. Ke2 Kxg4 65. Kd3
Bg7 66. Ke3 Kf5 67. Kd3 Be5 68. Ke3 Be4 69. Kd2 Bd4 70. Ke2 Ke5 71. Kd2 Kf4 72.
Ke2 Be3 73. Ke1 Kf3 74. Kd1 Bd3 75. Ke1 Bc2 76. Kf1 Bd2 77. Kg1 Kg3 78. Kf1
Bd3+ 79. Kg1 Be3+ 80. Kh1 Be4# 0-1

[Event "MISTRZOSTWA MIEDZYWOJEWODZKIE JUNIOROW O"]
[Site "Pokrzywna, OW SUDETY"]
[Date "2021.??.??"]
[Round "8.2"]
[White "Wierzbicki, Dawid"]
[Black "Banaczyk, Piotr"]
[Result "0-1"]
[WhiteElo "1603"]
[BlackElo "1265"]
[PlyCount "90"]
[EventDate "2021.??.??"]

1. c4 e6 2. Nf3 d5 3. e3 c5 4. d4 Nc6 5. Nc3 dxc4 6. Bxc4 Nf6 7. O-O cxd4 8.
exd4 Be7 9. d5 exd5 10. Nxd5 O-O 11. Nxe7+ Qxe7 12. Re1 Qb4 13. Qc2 Nd4 14. Qc3
Qxc3 15. bxc3 Nc2 16. Bf4 Nxa1 17. Rxa1 Bf5 18. Nd4 Bg6 19. Nb5 Ne4 20. f3 Rac8
21. Bf1 Nxc3 22. Nd6 Rc6 23. Nxb7 Re8 24. Kh1 Nb1 25. Kg1 Rb6 26. Nd6 Re1 27.
Kf2 Rd1 28. Nc4 Rxf1+ 29. Kxf1 Bd3+ 30. Kf2 Bxc4 31. Kg3 Rb2 32. Be3 Bf1 33.
Bf2 a5 34. a4 g5 35. h3 f5 36. f4 gxf4+ 37. Kf3 h5 38. h4 Kf7 39. g3 Ke6 40.
Bd4 Rb4 41. Bc5 Nd2+ 42. Kf2 Ne4+ 43. Kxf1 Nxc5 44. Ke2 Ke5 45. Rg1 Ne4 0-1

[Event "MISTRZOSTWA MIEDZYWOJEWODZKIE JUNIOROW O"]
[Site "Pokrzywna, OW SUDETY"]
[Date "2021.??.??"]
[Round "8.3"]
[White "Galla, Wiktor"]
[Black "Rozek, Michal"]
[Result "0-1"]
[WhiteElo "1248"]
[BlackElo "1462"]
[PlyCount "110"]
[EventDate "2021.??.??"]

1. Nf3 Nf6 2. c4 g6 3. e3 c5 4. Nc3 Bg7 5. d4 cxd4 6. exd4 d5 7. Be3 O-O 8. Qb3
dxc4 9. Bxc4 Nc6 10. Ne5 Nxe5 11. dxe5 Ng4 12. e6 f5 13. Rd1 Qa5 14. Rd5 Bxc3+
15. bxc3 Qc7 16. Rc5 Qb8 17. g3 Nxe3 18. fxe3 b6 19. Rb5 Ba6 20. Rb4 Bb7 21.
Bd5 Bxd5 22. Qxd5 Rd8 23. Qf3 Qe5 24. Rd4 Qxe6 25. O-O Rac8 26. e4 Rxd4 27.
exf5 Qe4 28. cxd4 Qxf3 29. Rxf3 Rc1+ 30. Kg2 Rc2+ 31. Kh3 Rxa2 32. fxg6 hxg6
33. Rb3 Ra4 34. d5 Rd4 35. Ra3 a5 36. Rb3 Rb4 37. Ra3 a4 38. d6 exd6 39. Rd3 b5
40. Rxd6 Kg7 41. Rd7+ Kh6 42. g4 Rb3+ 43. Kg2 a3 44. Ra7 b4 45. h4 g5 46. Ra6+
Kg7 47. Ra8 Rb2+ 48. Kg3 a2 49. Ra7+ Kg8 50. Ra8+ Kf7 51. Ra7+ Ke6 52. h5 Rb3+
53. Kg2 Ra3 54. Rxa3 bxa3 55. h6 Kf6 0-1

[Event "MISTRZOSTWA MIEDZYWOJEWODZKIE JUNIOROW O"]
[Site "Pokrzywna, OW SUDETY"]
[Date "2021.??.??"]
[Round "8.4"]
[White "Karwot, Marek"]
[Black "Kozik, Maksymilian"]
[Result "1-0"]
[WhiteElo "1382"]
[BlackElo "1181"]
[PlyCount "69"]
[EventDate "2021.??.??"]

1. e4 e5 2. Nf3 Nf6 3. Nc3 Bb4 4. Nxe5 O-O 5. Nd3 Bxc3 6. dxc3 Nxe4 7. Be2 d6
8. O-O Nc6 9. f3 Ng5 10. Be3 Re8 11. Qd2 Qe7 12. Bf2 Bf5 13. Rfe1 Qf6 14. Kh1
Bxd3 15. cxd3 Ne6 16. Bg3 Re7 17. d4 d5 18. Bd3 Rae8 19. Re2 h5 20. h3 Qg5 21.
Qxg5 Nxg5 22. Rae1 Rxe2 23. Rxe2 Rxe2 24. Bxe2 Ne6 25. f4 h4 26. Bxh4 Nxf4 27.
Bf3 Nd3 28. b4 Nf4 29. Bg3 Ne6 30. Bxd5 Kf8 31. Bb3 Ne7 32. d5 Nf5 33. Bh2 Ng5
34. Bxc7 Ne4 35. c4 1-0

[Event "MISTRZOSTWA MIEDZYWOJEWODZKIE JUNIOROW O"]
[Site "Pokrzywna, OW SUDETY"]
[Date "2021.??.??"]
[Round "8.5"]
[White "Duda, Leon"]
[Black "Wandor, Adam"]
[Result "1-0"]
[WhiteElo "1407"]
[BlackElo "1355"]
[PlyCount "129"]
[EventDate "2021.??.??"]

1. e4 c5 2. Nf3 g6 3. d4 cxd4 4. Nxd4 Bg7 5. Nc3 Nc6 6. Nb3 d6 7. Be2 Nf6 8.
O-O O-O 9. Bg5 Be6 10. Kh1 Qc8 11. f4 Bg4 12. Nd5 Bxe2 13. Qxe2 Re8 14. c3 Nxd5
15. exd5 Nb8 16. Rae1 f6 17. Bh4 Nd7 18. Qe6+ Kf8 19. Nd4 Nc5 20. Qxc8 Raxc8
21. Re2 Kf7 22. Ne6 Nxe6 23. Rxe6 Rc5 24. Rd1 Rec8 25. Bf2 Ra5 26. a3 b6 27.
Re4 Ra6 28. Kg1 f5 29. Re2 Bf6 30. Bd4 Bxd4+ 31. Rxd4 b5 32. Rd3 Rc7 33. Rde3
Rb6 34. Kf2 Rb8 35. Ke1 a5 36. Kd2 b4 37. cxb4 axb4 38. a4 Ra8 39. b3 Ra5 40.
Rd3 Rcc5 41. Rd4 Rxd5 42. Kd3 Rxd4+ 43. Kxd4 Rc5 44. Ra2 Ke6 45. a5 Kd7 46. a6
Rc8 47. a7 Ra8 48. Kc4 Kc6 49. Kxb4 Kb6 50. Re2 Rxa7 51. Kc4 Kc6 52. b4 Rb7 53.
Re3 d5+ 54. Kb3 d4 55. Re6+ Kd7 56. Re5 e6 57. Ra5 Rc7 58. Ra1 h6 59. h4 Kc6
60. Rc1+ Kb6 61. Rxc7 Kxc7 62. Kc4 Kb6 63. Kxd4 Kb5 64. Ke5 Kxb4 65. Kxe6 1-0

[Event "MISTRZOSTWA MIEDZYWOJEWODZKIE JUNIOROW O"]
[Site "Pokrzywna, OW SUDETY"]
[Date "2021.??.??"]
[Round "8.6"]
[White "Osinski, Maksymilian"]
[Black "Niemczyk, Krzysztof"]
[Result "1-0"]
[WhiteElo "1234"]
[BlackElo "1316"]
[PlyCount "97"]
[EventDate "2021.??.??"]

1. e4 e5 2. Nf3 Nc6 3. Bb5 a6 4. Ba4 d6 5. O-O b5 6. Bb3 Bg4 7. c3 Qf6 8. d3
Bxf3 9. Qxf3 Qxf3 10. gxf3 f6 11. f4 exf4 12. Bxf4 Nge7 13. Nd2 g5 14. Be3 h6
15. f4 O-O-O 16. Be6+ Kb8 17. Nb3 Bg7 18. Nd4 Kb7 19. Nxc6 Kxc6 20. fxg5 hxg5
21. a4 Ra8 22. Bd4 Rhf8 23. axb5+ Kxb5 24. Bd7+ c6 25. c4+ Kb4 26. Rfb1 a5 27.
b3 a4 28. bxa4+ Ka5 29. Bb6+ Ka6 30. Bc7 f5 31. Rb6+ Ka7 32. Rab1 Bd4+ 33. Kg2
Bxb6 34. Bxb6+ Ka6 35. Bc7 Ra7 36. Rb6+ Ka5 37. Rxc6+ Kb4 38. Bxd6+ Kc3 39.
Bxe7 Rf7 40. Bf6+ Kxd3 41. Bxf5 Rxa4 42. Bxg5 Rg7 43. h4 Kd4 44. Kf3 Rf7 45.
Kf4 Ra2 46. Bf6+ Kd3 47. e5+ Ke2 48. Bg6 Rf8 49. Kf5 1-0

[Event "MISTRZOSTWA MIEDZYWOJEWODZKIE JUNIOROW O"]
[Site "Pokrzywna, OW SUDETY"]
[Date "2021.??.??"]
[Round "8.7"]
[White "Zimny, Karol"]
[Black "Nowara, Filip"]
[Result "0-1"]
[WhiteElo "1144"]
[BlackElo "1100"]
[PlyCount "66"]
[EventDate "2021.??.??"]

1. e4 d5 2. exd5 Nf6 3. d4 Nxd5 4. c4 Nb6 5. Nf3 g6 6. Nc3 Bg4 7. c5 Nd5 8. Bc4
Nxc3 9. bxc3 e6 10. h3 Bxf3 11. Qxf3 Nc6 12. O-O Bg7 13. Bb5 O-O 14. Bxc6 bxc6
15. Qxc6 Rb8 16. Bf4 Rc8 17. Rab1 g5 18. Bg3 Re8 19. Rb7 Re7 20. Rxa7 f5 21. f4
Bxd4+ 22. cxd4 Qxd4+ 23. Kh2 Qc4 24. Qa6 Qxa6 25. Rxa6 g4 26. Bh4 Ree8 27. Rd1
e5 28. fxe5 Rxe5 29. Rc6 h5 30. Rd8+ Rxd8 31. Bxd8 f4 32. Bxc7 g3+ 33. Kg1 Re1#
0-1

[Event "MISTRZOSTWA MIEDZYWOJEWODZKIE JUNIOROW O"]
[Site "Pokrzywna, OW SUDETY"]
[Date "2021.??.??"]
[Round "9.1"]
[White "Dylong, Antoni"]
[Black "Galla, Wiktor"]
[Result "1-0"]
[WhiteElo "1525"]
[BlackElo "1248"]
[PlyCount "30"]
[EventDate "2021.??.??"]

1. e4 e6 2. d4 d5 3. e5 c5 4. dxc5 Bxc5 5. Bd3 Nc6 6. Nf3 Nge7 7. O-O Ng6 8.
Qe2 Qc7 9. Re1 O-O 10. c3 a6 11. h4 f6 12. b4 Be7 13. exf6 Bxf6 14. Ng5 Bxg5
15. Bxg5 Nf4 1-0

[Event "MISTRZOSTWA MIEDZYWOJEWODZKIE JUNIOROW O"]
[Site "Pokrzywna, OW SUDETY"]
[Date "2021.??.??"]
[Round "9.2"]
[White "Banaczyk, Piotr"]
[Black "Karwot, Marek"]
[Result "1/2-1/2"]
[WhiteElo "1265"]
[BlackElo "1382"]
[PlyCount "27"]
[EventDate "2021.??.??"]

1. e4 c5 2. c3 Nf6 3. e5 Nd5 4. d4 cxd4 5. cxd4 d6 6. Nf3 Nc6 7. Bc4 dxe5 8.
dxe5 Nb6 9. Qxd8+ Nxd8 10. Bb5+ Nc6 11. O-O g6 12. Nd4 Bd7 13. Nxc6 bxc6 14.
Bd3 1/2-1/2

[Event "MISTRZOSTWA MIEDZYWOJEWODZKIE JUNIOROW O"]
[Site "Pokrzywna, OW SUDETY"]
[Date "2021.??.??"]
[Round "9.3"]
[White "Rozek, Michal"]
[Black "Osinski, Maksymilian"]
[Result "1-0"]
[WhiteElo "1462"]
[BlackElo "1234"]
[PlyCount "30"]
[EventDate "2021.??.??"]

1. e4 e5 2. Nf3 Nc6 3. Bc4 Bc5 4. O-O Nf6 5. d3 h6 6. c3 O-O 7. Nbd2 d6 8. b4
Bb6 9. h3 Be6 10. Bxe6 fxe6 11. Qb3 Qd7 12. a4 a6 13. Nc4 a5 14. b5 Ne7 15.
Nxb6 cxb6 1-0

[Event "MISTRZOSTWA MIEDZYWOJEWODZKIE JUNIOROW O"]
[Site "Pokrzywna, OW SUDETY"]
[Date "2021.??.??"]
[Round "9.4"]
[White "Duda, Leon"]
[Black "Hryniewicz, Maciej"]
[Result "1-0"]
[WhiteElo "1407"]
[BlackElo "1291"]
[PlyCount "28"]
[EventDate "2021.??.??"]

1. e4 c5 2. Nf3 Nc6 3. d4 cxd4 4. Nxd4 Nf6 5. Nc3 e5 6. Ndb5 d6 7. Nd5 Nxd5 8.
exd5 Nb8 9. c4 Nd7 10. Be2 Be7 11. O-O O-O 12. b4 a6 13. Nc3 Nf6 14. Be3 Qc7
1-0